Malá encyklopedie bohů a mýtů Jižní Ameriky /

Hlavní autor: Zelený, Mnislav, 1943-
Jazyk: Čeština
Vydáno: Praha : Libri, 2009
Vydání: 1. vyd.
Témata:
Externí odkaz: Digitalizovaný dokument
Fyzický popis: 229 s. : il. ; 21 cm
Knihy
Uloženo v:
LEADER 01656nam a2200433 a 4500
001 nkc20091992743
003 CZ PrNK
005 20161109173752.0
007 ta
008 090903s2009 xr a e e 001 0 cze
015 |a cnb001992743 
020 |a 978-80-7277-398-5  |q (váz.) :  |c Kč 320,00 
035 |a (OCoLC)455851967 
040 |a ABA001  |b cze 
043 |a s------ 
072 7 |a 25  |x Náboženství, mytologie, kulty  |2 Konspekt  |9 5 
080 |a 258/259.2  |2 MRF 
080 |a (8)  |2 MRF 
080 |a (031)  |2 MRF 
100 1 |a Zelený, Mnislav,  |d 1943-  |7 jk01152402  |4 aut 
245 1 0 |a Malá encyklopedie bohů a mýtů Jižní Ameriky /  |c Mnislav Zelený-Atapana 
250 |a 1. vyd. 
260 |a Praha :  |b Libri,  |c 2009 
300 |a 229 s. :  |b il. ;  |c 21 cm 
500 |a 1500 výt. 
504 |a Obsahuje bibliografii a rejstřík 
650 0 7 |a indiánská mytologie  |7 ph121074  |z Jižní Amerika  |2 czenas 
650 0 7 |a indiánská náboženství  |7 ph210123  |z Jižní Amerika  |2 czenas 
650 0 9 |a American Indian mythology  |z South America  |2 eczenas 
650 0 9 |a American Indian religions  |z South America  |2 eczenas 
655 7 |a encyklopedie  |7 fd132201  |2 czenas 
655 9 |a encyclopedias  |2 eczenas 
856 4 1 |u http://www.digitalniknihovna.cz/mzk/uuid/uuid:b96e74a0-0293-11e5-9506-005056827e51  |y Digitalizovaný dokument  |x NDK 
910 2 |a BOA001  |b 2-1226.952 
990 |a BK 
995 |a 01 
991 |b 200911  |c NOV  |j 25 ZEL 
996 6 |b 2610394914  |c 2-1226.952  |l MZK  |r Sklad / do 1 hodiny  |n 2  |p p.v.  |w 000971423  |u 000010  |a 1  |e BOA001  |j MZK50  |s P 
996 7 |b 2610395147  |c 2-1226.952  |l MZK  |r Sklad / do 1 hodiny  |n 31  |p kup  |w 000971423  |u 000020  |a 1  |e BOA001  |j MZK50  |s A